000 01018nam a2200265 4500
001 114285
003 DR-UNIBE
005 20251210095651.0
008 251208b1972 sp ||||| |||| 00| 1 spa d
040 _aBIBLIOTECA UNIBE
_bspa
_cBIBLIOTECA UNIBE
_erda
041 _aspa
090 _aFBIU - EL LI SA194L
100 1 0 _aSandler, Micheline,
_d1918-2012
_q(Micheline Marcelle Bardel),
_9201339
_eautor
245 1 3 _aLa lechuza que quiso ver el sol /
_cMichel Sandler ; ilustraciones : Paul Durand
246 _aLa Chouette qui voilait voir le jour
250 _aPrimera edición
260 _aBilbao
_bEditorial Laida,
_c1972
300 _a[Sin páginas] :
_bilustraciones a color
_c32 x 22 cm
490 _aColección. Animales del bosque
653 7 _aLiteratura infantil francesa
653 7 _aLechuzas - Cuentos infantiles franceses
653 7 _aGorriones - Cuentos infantiles ffranceses
700 0 _aDurand, Paul,
_d 1833-1922
_q(Durand-Ruel, Paul Marie-Joseph),
_eilustrador
_9140218
942 _2ddc
_cBK
999 _c114285
_d114285